[Event "CRO-chT3 West"]
[Site "Croatia"]
[Date "2020.09.13"]
[Round "2.1"]
[White "Zuvela, Zeljko"]
[Black "Jurman, Nenad"]
[Result "1/2-1/2"]
[WhiteElo "2061"]
[BlackElo "1857"]
[PlyCount "23"]
[EventDate "2020.09.12"]
[EventType "team-tourn"]
[EventRounds "9"]
[EventCountry "CRO"]
[SourceTitle "EXT 2022"]
[Source "ChessBase"]
[SourceDate "2021.10.06"]
[SourceVersion "1"]
[SourceVersionDate "2021.10.06"]
[SourceQuality "1"]
[WhiteTeam "Gospic"]
[BlackTeam "Crikvenica"]
[WhiteTeamCountry "CRO"]
[BlackTeamCountry "CRO"]

1. d4 Nf6 2. c4 e6 3. Nf3 b6 4. g3 Bb7 5. Bg2 d6 6. Nc3 Be7 7. Qc2 Nbd7 8. e4 e5 9. 0-0 0-0 10. h3 a5 11. Be3 Re8 12. Rad1 1/2-1/2

[Event "CRO-chT3 West"]
[Site "Croatia"]
[Date "2020.09.12"]
[Round "1.1"]
[White "Ikica, Ante"]
[Black "Zuvela, Zeljko"]
[Result "1/2-1/2"]
[WhiteElo "1823"]
[BlackElo "2061"]
[PlyCount "88"]
[EventDate "2020.09.12"]
[EventType "team-tourn"]
[EventRounds "9"]
[EventCountry "CRO"]
[SourceTitle "EXT 2022"]
[Source "ChessBase"]
[SourceDate "2021.10.06"]
[SourceVersion "1"]
[SourceVersionDate "2021.10.06"]
[SourceQuality "1"]
[WhiteTeam "Porec Gortan II"]
[BlackTeam "Gospic"]
[WhiteTeamCountry "CRO"]
[BlackTeamCountry "CRO"]

1. e4 Nf6 2. d3 e5 3. Nd2 Bc5 4. h3 d5 5. Be2 Nc6 6. Ngf3 g5 7. c3 g4 8. hxg4 Nxg4 9. Rf1 Be6 10. b4 Bb6 11. b5 Ne7 12. Ng5 Nxf2 13. Rxf2 Ng6 14. Ndf3 Bxf2+ 15. Kxf2 Qf6 16. Nxe6 fxe6 17. Bg5 Qf7 18. Kg1 h6 19. Be3 0-0-0 20. Qa4 Rhg8 21. Qxa7 Nf4 22. Bxf4 Qxf4 23. Qf2 Rdf8 24. a4 Rg3 25. a5 Rfg8 26. Ne1 Qd2 27. a6 Qxc3 28. axb7+ Kxb7 29. Qa7+ Kc8 30. exd5 exd5 31. Qa8+ Kd7 32. Qxd5+ Ke7 33. Rd1 Rd8 34. Qe4 Qc5+ 35. d4 Rxd4 36. Rxd4 Qxd4+ 37. Qxd4 exd4 38. Kf2 Rb3 39. Bd3 Kd6 40. Ke2 Kc5 41. Nc2 Rb2 42. Kd2 Kd5 43. Kc1 Rb3 44. Kd2 Rb2 1/2-1/2

[Event "Malinska Krk op"]
[Site "Malinska"]
[Date "2019.11.02"]
[Round "3"]
[White "Vojak, Daniel"]
[Black "Zuvela, Zeljko"]
[Result "1/2-1/2"]
[WhiteElo "2275"]
[BlackElo "2117"]
[PlyCount "80"]
[EventDate "2019.10.30"]
[EventType "swiss"]
[EventRounds "5"]
[EventCountry "CRO"]
[SourceTitle "CBM 192 Extra"]
[Source "Chessbase"]
[SourceDate "2019.11.06"]
[SourceVersion "1"]
[SourceVersionDate "2019.11.06"]
[SourceQuality "1"]

1. e4 Nf6 2. e5 Ng8 3. d4 d5 4. c4 c6 5. Nc3 Be6 6. Qb3 Qd7 7. cxd5 Bxd5 8. Nxd5 cxd5 9. Bd3 Nc6 10. Nf3 e6 11. 0-0 Nge7 12. Rd1 Ng6 13. h4 Be7 14. g3 Bd8 15. h5 Nge7 16. g4 Bb6 17. Be2 f6 18. h6 fxe5 19. hxg7 Rg8 20. Nxe5 Nxe5 21. dxe5 Rxg7 22. Bf4 0-0-0 23. Bg3 Rdg8 24. Kg2 h5 25. Rac1+ Kb8 26. Qb4 Nc6 27. Qd6+ Qxd6 28. exd6 Kc8 29. f3 Kd7 30. Rh1 hxg4 31. fxg4 Bd4 32. b4 a6 33. a4 e5 34. b5 axb5 35. axb5 Nd8 36. Rh6 Ne6 37. Rd1 Rg6 38. Rh5 Rg5 39. Rh6 R5g6 40. Rh5 Rg5 1/2-1/2